00384nam a2200133 a 45000010010000000030011000100080041000210350026000620820014000881000024001022450065001262600040001916500019002310000-9321ELIB.Books110520 2005  a(ELIB.Books)0000-9473 a251 bSat aSatterlee, Craig A. aWhen God Speaks through Change: preaching in times of congre bHerndon: The Alban Institute c2005 aChurch Renewal